[Event "CHN Nat Games qual tt 15th"]
[Site "Huairou District"]
[Date "2025.06.12"]
[Round "6.16"]
[White "Zhang, Xiaowen"]
[Black "Bai, Xue"]
[Result "1/2-1/2"]
[WhiteElo "2274"]
[BlackElo "2138"]
[PlyCount "65"]
[EventDate "2025.06.11"]
[EventType "team-swiss (rapid)"]
[EventRounds "7"]
[EventCountry "CHN"]
[SourceTitle "CB25_2025"]
[SourceDate "2025.06.18"]
[SourceVersion "1"]
[SourceVersionDate "2025.06.18"]
[SourceQuality "1"]
[WhiteTeam "Shanghai City"]
[BlackTeam "Zhejiang Province"]
[WhiteTeamCountry "CHN"]
[BlackTeamCountry "CHN"]

1. e4 e5 2. Nf3 Nc6 3. Bb5 d6 4. d4 exd4 5. Nxd4 Bd7 6. Nc3 Nxd4 7. Bxd7+ Qxd7 8. Qxd4 Ne7 9. Bf4 h6 10. 0-0-0 Nc6 11. Qd2 g5 12. Bg3 Bg7 13. h4 g4 14. h5 0-0-0 15. Nd5 f5 16. exf5 Qxf5 17. Qf4 Rhf8 18. Qxf5+ Rxf5 19. Ne3 Ra5 20. a3 Nd4 21. Rde1 Re8 22. Nxg4 Ne2+ 23. Kb1 Rb5 24. b3 Re4 25. f3 Nc3+ 26. Kc1 Re2 27. Bh4 Na2+ 28. Kb1 Rxb3+ 29. cxb3 Nc3+ 30. Kc1 Na2+ 31. Kb1 Nc3+ 32. Kc1 Na2+ 33. Kb1 1/2-1/2

[Event "CHN-chT (Women)"]
[Site "Hebei"]
[Date "2025.05.03"]
[Round "9.5"]
[White "Zhang, Xiaowen"]
[Black "Peng, Shiyang"]
[Result "1-0"]
[WhiteElo "2261"]
[BlackElo "1688"]
[PlyCount "57"]
[EventDate "2025.04.25"]
[EventType "team-swiss"]
[EventRounds "9"]
[EventCountry "CHN"]
[SourceTitle "CB20_2025"]
[SourceDate "2025.05.14"]
[SourceVersion "1"]
[SourceVersionDate "2025.05.14"]
[SourceQuality "1"]
[WhiteTeam "Shanghai (W)"]
[BlackTeam "Chengdu (W)"]
[WhiteTeamCountry "CHN"]
[BlackTeamCountry "CHN"]

1. e4 c6 2. d4 d5 3. exd5 cxd5 4. Bd3 Nc6 5. c3 Nf6 6. Bf4 Bg4 7. Qb3 Qd7 8. Nd2 e6 9. Ngf3 Bd6 10. Bxd6 Qxd6 11. 0-0 Rb8 12. Rae1 0-0 13. Ne5 Bh5 14. f4 Bg6 15. Bxg6 hxg6 16. Qd1 b5 17. a3 a5 18. Re3 Ne7 19. Rh3 b4 20. axb4 axb4 21. Qe1 Rfc8 22. Rh8+ Kxh8 23. Nxf7+ Kh7 24. Nxd6 Rc6 25. Nf7 Kg8 26. Ng5 Rbb6 27. Ndf3 bxc3 28. bxc3 Nf5 29. Ne5 1-0

[Event "CHN-chT (Women)"]
[Site "Hebei"]
[Date "2025.04.30"]
[Round "6.2"]
[White "Sun, Fanghui"]
[Black "Zhang, Xiaowen"]
[Result "1-0"]
[WhiteElo "2208"]
[BlackElo "2261"]
[PlyCount "43"]
[EventDate "2025.04.25"]
[EventType "team-swiss"]
[EventRounds "9"]
[EventCountry "CHN"]
[SourceTitle "CB20_2025"]
[SourceDate "2025.05.14"]
[SourceVersion "1"]
[SourceVersionDate "2025.05.14"]
[SourceQuality "1"]
[WhiteTeam "Chongqing (W)"]
[BlackTeam "Shanghai (W)"]
[WhiteTeamCountry "CHN"]
[BlackTeamCountry "CHN"]

1. e4 e6 2. d4 d5 3. Nc3 Nf6 4. Bg5 dxe4 5. Nxe4 Nbd7 6. Nf3 h6 7. Bxf6 Nxf6 8. Bd3 Nxe4 9. Bxe4 c5 10. Qe2 Qa5+ 11. c3 cxd4 12. Nxd4 Be7 13. Nc6 Qc5 14. Nxe7 Kxe7 15. 0-0 Rb8 16. Rfd1 Bd7 17. b4 Qe5 18. Rxd7+ Kxd7 19. Bc6+ Kd6 20. Rd1+ Qd5 21. Bxd5 exd5 22. Qe4 1-0

[Event "CHN-chT (Women)"]
[Site "Hebei"]
[Date "2025.04.29"]
[Round "5.2"]
[White "Zhang, Xiaowen"]
[Black "Zhao, Yunqing"]
[Result "1-0"]
[WhiteElo "2261"]
[BlackElo "2145"]
[PlyCount "59"]
[EventDate "2025.04.25"]
[EventType "team-swiss"]
[EventRounds "9"]
[EventCountry "CHN"]
[SourceTitle "CB20_2025"]
[SourceDate "2025.05.14"]
[SourceVersion "1"]
[SourceVersionDate "2025.05.14"]
[SourceQuality "1"]
[WhiteTeam "Shanghai (W)"]
[BlackTeam "Hebei (W)"]
[WhiteTeamCountry "CHN"]
[BlackTeamCountry "CHN"]

1. e4 c5 2. Nf3 d6 3. d4 cxd4 4. Nxd4 Nf6 5. Nc3 a6 6. a4 e5 7. Nf3 h6 8. g3 Be7 9. Bg2 Be6 10. 0-0 0-0 11. Re1 Qc7 12. Nh4 Rd8 13. Nd5 Nxd5 14. exd5 Bc8 15. Ra3 Bg5 16. Rc3 Qb6 17. Bxg5 hxg5 18. Nf3 Bg4 19. Qc1 Bxf3 20. Bxf3 Nd7 21. Rb3 Qc7 22. Qxg5 Qxc2 23. Rxb7 Nf6 24. Rc1 Qxa4 25. Rcc7 Rf8 26. Bh5 Nxh5 27. Qxh5 Qa1+ 28. Kg2 Qa5 29. Qf3 e4 30. Qf5 1-0

[Event "CHN-chT (Women)"]
[Site "Hebei"]
[Date "2025.04.28"]
[Round "4.2"]
[White "Zhao, Shengxin"]
[Black "Zhang, Xiaowen"]
[Result "0-1"]
[WhiteElo "2210"]
[BlackElo "2261"]
[PlyCount "132"]
[EventDate "2025.04.25"]
[EventType "team-swiss"]
[EventRounds "9"]
[EventCountry "CHN"]
[SourceTitle "CB20_2025"]
[SourceDate "2025.05.14"]
[SourceVersion "1"]
[SourceVersionDate "2025.05.14"]
[SourceQuality "1"]
[WhiteTeam "Tianjin (W)"]
[BlackTeam "Shanghai (W)"]
[WhiteTeamCountry "CHN"]
[BlackTeamCountry "CHN"]

1. d4 d5 2. Nf3 Nf6 3. c4 e6 4. Nc3 a6 5. cxd5 exd5 6. Bg5 Be6 7. e3 Nbd7 8. Bd3 Bd6 9. 0-0 c6 10. Rc1 0-0 11. h3 Qc7 12. Nd2 h6 13. Bxf6 Nxf6 14. f4 Rfe8 15. Nf3 Ne4 16. Nxe4 dxe4 17. Bxe4 Bxa2 18. Ne5 f6 19. Qa4 Be6 20. d5 fxe5 21. dxe6 Qb6 22. Bb1 Qxe3+ 23. Kh1 exf4 24. Rce1 Qg3 25. Qe4 g6 26. Rf3 Qg5 27. Rd1 Rad8 28. Rfd3 Be7 29. Rd7 Rxd7 30. exd7 Rf8 31. Qe6+ Kg7 32. Bxg6 Qf6 33. Qe4 f3 34. gxf3 Qxf3+ 35. Qxf3 Rxf3 36. Be8 Bd8 37. Kg2 Rf5 38. Rd3 a5 39. Rg3+ Rg5 40. Rxg5+ hxg5 41. Kf3 Kf6 42. Ke4 Ke6 43. b3 Bf6 44. Kd3 Kd6 45. Kc2 Kc5 46. Bg6 Kb4 47. Be4 a4 48. bxa4 Kxa4 49. Bf3 Kb5 50. Kd3 Kc5 51. Ke4 Kd6 52. Bg4 b5 53. Kd3 c5 54. Kc2 c4 55. Bf5 b4 56. Kd2 b3 57. Bh7 Kc5 58. Bg6 Kb4 59. Bf5 c3+ 60. Kc1 Bd8 61. Be4 Bc7 62. Kd1 Ka3 63. Kc1 c2 64. Bxc2 bxc2 65. d8Q Bxd8 66. Kxc2 Bb6 0-1

[Event "CHN-chT (Women)"]
[Site "Hebei"]
[Date "2025.04.25"]
[Round "1.1"]
[White "Xia, Miaoyan"]
[Black "Zhang, Xiaowen"]
[Result "0-1"]
[WhiteElo "1676"]
[BlackElo "2261"]
[PlyCount "78"]
[EventDate "2025.04.25"]
[EventType "team-swiss"]
[EventRounds "9"]
[EventCountry "CHN"]
[SourceTitle "CB20_2025"]
[SourceDate "2025.05.14"]
[SourceVersion "1"]
[SourceVersionDate "2025.05.14"]
[SourceQuality "1"]
[WhiteTeam "Anhui (W)"]
[BlackTeam "Shanghai (W)"]
[WhiteTeamCountry "CHN"]
[BlackTeamCountry "CHN"]

1. e4 e6 2. d4 d5 3. Nd2 Nf6 4. e5 Nfd7 5. Bd3 c5 6. c3 Nc6 7. Ne2 cxd4 8. cxd4 f6 9. Nf4 Nxd4 10. Qh5+ Ke7 11. Ng6+ hxg6 12. exf6+ Nxf6 13. Qxh8 Kf7 14. 0-0 e5 15. Nf3 Nxf3+ 16. gxf3 e4 17. fxe4 Nh5 18. e5 Qh4 19. Bxg6+ Kxg6 20. Qxf8 Bf5 21. Qa3 Qg4+ 22. Kh1 Qe2 23. Kg1 Bd3 24. Bd2 Qxd2 25. Rfd1 Qg5+ 26. Kh1 Be4+ 27. f3 Rh8 28. Qd6+ Kh7 29. fxe4 Qe3 30. Rf1 Qxe4+ 31. Kg1 Qg4+ 32. Kf2 Rc8 33. Qxd5 Rc2+ 34. Ke3 Qe2+ 35. Kd4 Qd2+ 36. Ke4 Qg2+ 37. Rf3 Re2+ 38. Kd4 Rd2+ 39. Rd3 Rxd3+ 0-1

[Event "CHN-chT DivA"]
[Site "Fuling"]
[Date "2023.06.17"]
[Round "11.3"]
[White "Zhao, Shengxin"]
[Black "Zhang, Xiaowen"]
[Result "1/2-1/2"]
[WhiteElo "2156"]
[BlackElo "2266"]
[PlyCount "61"]
[EventDate "2023.06.05"]
[EventType "team-tourn"]
[EventRounds "11"]
[EventCountry "CHN"]
[SourceTitle "CBM 214 Extra"]
[Source "ChessBase"]
[SourceDate "2023.07.31"]
[SourceVersion "1"]
[SourceVersionDate "2023.07.31"]
[SourceQuality "1"]
[WhiteTeam "Hangzhou"]
[BlackTeam "Tianjin"]
[WhiteTeamCountry "CHN"]
[BlackTeamCountry "CHN"]

1. d4 d5 2. Nf3 Nf6 3. c4 dxc4 4. e3 e6 5. Bxc4 c5 6. 0-0 Nc6 7. Nc3 a6 8. a4 Be7 9. Qe2 cxd4 10. Rd1 e5 11. exd4 exd4 12. Nxd4 Nxd4 13. Qe5 Qd6 14. Qxd6 Bxd6 15. Rxd4 Bc5 16. Rd3 Bf5 17. Rf3 Be6 18. Bxe6 fxe6 19. Be3 Be7 20. Re1 Rc8 21. Bd4 Rc6 22. Rfe3 Kf7 23. Ne4 Nxe4 24. Rxe4 Bf6 25. Bxf6 gxf6 26. R1e2 Rc1+ 27. Re1 Rc6 28. R1e2 Rc1+ 29. Re1 Rc6 30. R1e2 Rc1+ 31. Re1 1/2-1/2

[Event "CHN-chT (Women)"]
[Site "Hangzhou"]
[Date "2023.05.22"]
[Round "4.2"]
[White "Zhang, Xiaowen"]
[Black "Li, Yunshan"]
[Result "1/2-1/2"]
[WhiteElo "2268"]
[BlackElo "2294"]
[PlyCount "69"]
[EventDate "2023.05.19"]
[EventType "team-swiss"]
[EventRounds "9"]
[EventCountry "CHN"]
[SourceTitle "CBM 214 Extra"]
[Source "ChessBase"]
[SourceDate "2023.07.31"]
[SourceVersion "1"]
[SourceVersionDate "2023.07.31"]
[SourceQuality "1"]
[WhiteTeam "Shanghai (W)"]
[BlackTeam "Beijing (W)"]
[WhiteTeamCountry "CHN"]
[BlackTeamCountry "CHN"]

1. e4 e5 2. Nf3 Nc6 3. Bb5 Nf6 4. Qe2 d6 5. c3 Bd7 6. 0-0 Be7 7. d4 0-0 8. d5 Nb8 9. Bd3 Ne8 10. c4 g6 11. Nc3 Ng7 12. Ne1 f5 13. exf5 gxf5 14. f4 e4 15. Bc2 h5 16. Be3 b6 17. Bd1 Bf6 18. Nc2 a5 19. Bd4 Na6 20. Qe3 Kf7 21. Qh3 Bxd4+ 22. Nxd4 Rh8 23. Ne6 Qf6 24. Nxg7 Qd4+ 25. Kh1 Kxg7 26. Qg3+ Kf8 27. Qg6 h4 28. Ba4 Rg8 29. Qh5 Qg7 30. Rf2 Rh8 31. Qg5 Qxg5 32. fxg5 Bxa4 33. Nxa4 Kg7 34. Rxf5 Rhf8 35. Raf1 1/2-1/2

[Event "CHN-chT (Women)"]
[Site "Hangzhou"]
[Date "2023.05.21"]
[Round "3.2"]
[White "Pian, Junyao"]
[Black "Zhang, Xiaowen"]
[Result "0-1"]
[WhiteElo "1484"]
[BlackElo "2268"]
[PlyCount "74"]
[EventDate "2023.05.19"]
[EventType "team-swiss"]
[EventRounds "9"]
[EventCountry "CHN"]
[SourceTitle "CBM 214 Extra"]
[Source "ChessBase"]
[SourceDate "2023.07.31"]
[SourceVersion "1"]
[SourceVersionDate "2023.07.31"]
[SourceQuality "1"]
[WhiteTeam "Heilongjiang (W)"]
[BlackTeam "Shanghai (W)"]
[WhiteTeamCountry "CHN"]
[BlackTeamCountry "CHN"]

1. e4 e5 2. Nf3 Nc6 3. Bb5 a6 4. Ba4 d6 5. d4 b5 6. Bb3 Nxd4 7. Nxd4 exd4 8. Bd5 Rb8 9. Qxd4 Nf6 10. b3 Bd7 11. Qc3 Qe7 12. 0-0 Qe5 13. b4 Nxd5 14. exd5 Qxd5 15. Re1+ Kd8 16. Be3 Bc6 17. f3 Qc4 18. Bg5+ Kc8 19. Qb2 f6 20. Nd2 Qf7 21. Be3 d5 22. Nb3 Bd6 23. Na5 Bd7 24. f4 Re8 25. Qd4 Re4 26. Qa7 Bxb4 27. Qxa6+ Kd8 28. Ba7 Bxe1 29. Bxb8 Bxa5 30. Qxa5 Bc6 31. Qc3 Qe6 32. f5 Qe5 33. Qxe5 Rxe5 34. Rf1 Bd7 35. g4 Re4 36. h3 Ra4 37. Ra1 Ra8 0-1

[Event "CHN-chT Div-A Rapid"]
[Site "Fuling"]
[Date "2022.09.16"]
[Round "9.4"]
[White "Zhang, Xiaowen"]
[Black "Yuan, Ye"]
[Result "0-1"]
[WhiteElo "2307"]
[BlackElo "2108"]
[PlyCount "60"]
[EventDate "2022.09.06"]
[EventType "team-tourn (rapid)"]
[EventRounds "11"]
[EventCountry "CHN"]
[SourceTitle "CBM 210 Extra"]
[Source "ChessBase"]
[SourceDate "2022.11.30"]
[SourceVersion "1"]
[SourceVersionDate "2022.11.30"]
[SourceQuality "1"]
[WhiteTeam "Chongqing Jiulongpo"]
[BlackTeam "Jiangsu"]
[WhiteTeamCountry "CHN"]
[BlackTeamCountry "CHN"]

1. e4 e5 2. Nf3 Nf6 3. Nc3 Bb4 4. Nxe5 0-0 5. Be2 Re8 6. Nd3 Bxc3 7. dxc3 Nxe4 8. 0-0 d5 9. Nf4 c6 10. c4 d4 11. Re1 Na6 12. Bf1 Bf5 13. f3 Nf6 14. Rxe8+ Nxe8 15. g4 Bg6 16. Nxg6 hxg6 17. b3 c5 18. Bf4 Nec7 19. Bg3 Ne6 20. Qd2 Qf6 21. f4 Nb4 22. Bg2 Rd8 23. a3 d3 24. c3 Nc2 25. Rf1 g5 26. f5 Nf4 27. Bxf4 gxf4 28. Bxb7 Qg5 29. Rxf4 Re8 30. Bf3 Re3 0-1

[Event "CHN-chT Div-A Rapid"]
[Site "Fuling"]
[Date "2022.09.07"]
[Round "2.2"]
[White "Zhang, Xiaowen"]
[Black "Wang, Chuqiao"]
[Result "1-0"]
[WhiteElo "2307"]
[BlackElo "2037"]
[PlyCount "89"]
[EventDate "2022.09.06"]
[EventType "team-tourn (rapid)"]
[EventRounds "11"]
[EventCountry "CHN"]
[SourceTitle "CBM 210 Extra"]
[Source "ChessBase"]
[SourceDate "2022.11.30"]
[SourceVersion "1"]
[SourceVersionDate "2022.11.30"]
[SourceQuality "1"]
[WhiteTeam "Chongqing Jiulongpo"]
[BlackTeam "Chongqing Ticai"]
[WhiteTeamCountry "CHN"]
[BlackTeamCountry "CHN"]

1. e4 e5 2. Nf3 Nc6 3. Nc3 Nf6 4. Bb5 Bc5 5. 0-0 d6 6. d4 exd4 7. Nxd4 Bd7 8. Nf5 0-0 9. Bg5 h6 10. Bh4 Kh7 11. Nxg7 Kxg7 12. Nd5 Bd4 13. c3 Ne7 14. Bxd7 Qxd7 15. Qxd4 Nexd5 16. exd5 Qf5 17. Rae1 Rfe8 18. Re3 c5 19. dxc6 Re6 20. cxb7 Rae8 21. Rg3+ Kh7 22. Rf3 Qb1 23. g3 Re1 24. Qd3+ Qxd3 25. Rxd3 Rxf1+ 26. Kxf1 Nd7 27. Rxd6 Nc5 28. Rd8 Rxd8 29. Bxd8 Nxb7 30. Be7 Na5 31. Ke2 Kg6 32. Kd3 Kf5 33. c4 Nc6 34. Bf8 h5 35. f4 Kg4 36. b4 Kh3 37. b5 Nd8 38. Be7 Ne6 39. c5 Nc7 40. b6 axb6 41. cxb6 Na6 42. Kc4 Kxh2 43. Bh4 Kh3 44. a4 Kg4 45. a5 1-0

[Event "Abu Dhabi op 26th"]
[Site "Abu Dhabi"]
[Date "2019.08.09"]
[Round "8"]
[White "Zhang, Xiaowen"]
[Black "Vatsal, Singhania"]
[Result "1/2-1/2"]
[WhiteElo "2316"]
[BlackElo "2087"]
[PlyCount "110"]
[EventDate "2019.08.02"]
[EventType "swiss"]
[EventRounds "9"]
[EventCountry "UAE"]
[SourceTitle "CBM 191 Extra"]
[Source "ChessBase"]
[SourceDate "2019.09.30"]
[SourceVersion "1"]
[SourceVersionDate "2019.09.30"]
[SourceQuality "1"]

1. e4 c5 2. Nf3 d6 3. d4 cxd4 4. Nxd4 Nf6 5. Nc3 Nc6 6. Bg5 e6 7. Qd2 a6 8. 0-0-0 Bd7 9. f4 Be7 10. Nf3 b5 11. Bxf6 gxf6 12. f5 Qb6 13. fxe6 fxe6 14. Kb1 0-0-0 15. g3 Kb8 16. Bh3 Bc8 17. Rhf1 h5 18. Qg2 Qc5 19. Ne2 d5 20. Nfd4 Nxd4 21. Nxd4 Qb6 22. Qe2 Bc5 23. Nb3 dxe4 24. Nxc5 Qxc5 25. Qxe4 Rxd1+ 26. Rxd1 Rd8 27. Rc1 f5 28. Qf4+ Qc7 29. Qh6 Bb7 30. Qxh5 Rd2 31. Qe8+ Qc8 32. Qxc8+ Bxc8 33. Bf1 Rxh2 34. a4 bxa4 35. Bc4 Rg2 36. Re1 Rxg3 37. Bxe6 Rg6 38. Bxc8 Kxc8 39. Rf1 Rf6 40. Rf4 Kd7 41. Kc1 a3 42. bxa3 Ke6 43. Kd2 Ke5 44. Ra4 f4 45. Ke2 Rc6 46. Ra5+ Ke4 47. Ra4+ Kf5 48. c4 Kg4 49. Kf2 Rh6 50. c5 Rh2+ 51. Kg1 Rc2 52. Rxa6 Kf3 53. Rb6 Rc3 54. a4 Rxc5 55. Rb3+ Kg4 1/2-1/2